| Tag |
First Indicator |
Second Indicator |
Subfields |
| LEADER |
00000cam a2200000 a 4500 |
| 001 |
in00001206363 |
| 005 |
20160226115920.0 |
| 008 |
931129s1994 cau 000 0 eng |
| 010 |
|
|
|a 93046044
|
| 020 |
|
|
|a 1880032414 (acid-free paper) :
|c $10.95
|
| 035 |
|
|
|a (OCoLC)29549661
|
| 035 |
|
|
|9 AGQ2043AM
|
| 040 |
|
|
|a DLC
|c DLC
|d UtOrBLW
|
| 049 |
|
|
|a TXAM
|
| 050 |
0 |
0 |
|a BF637.S4
|b K544 1994
|
| 082 |
0 |
0 |
|a 158/.1
|2 20
|
| 100 |
1 |
|
|a Kim, Tae Yun,
|d 1946-
|
| 245 |
1 |
4 |
|a The silent master :
|b awakening the power within /
|c Tae Yun Kim.
|
| 264 |
|
1 |
|a San Rafael, Calif. :
|b New World Library :
|c [1994]
|
| 264 |
|
2 |
|a San Rafael, Calif. :
|b Distributed by Publishers Group West,
|
| 264 |
|
4 |
|c ©1994
|
| 300 |
|
|
|a xvii, 166 pages ;
|c 22 cm.
|
| 336 |
|
|
|a text
|b txt
|2 rdacontent
|
| 337 |
|
|
|a unmediated
|b n
|2 rdamedia
|
| 338 |
|
|
|a volume
|b nc
|2 rdacarrier
|
| 650 |
|
0 |
|a Self-actualization (Psychology)
|
| 650 |
|
0 |
|a Centering (Psychology)
|
| 650 |
|
0 |
|a Centering (Psychology)
|x Problems, exercises, etc.
|
| 650 |
|
0 |
|a Meditation
|x Psychological aspects.
|
| 999 |
|
|
|a MARS
|
| 999 |
f |
f |
|s fd4e668c-b0f2-3f77-bdab-a35b97750f94
|i 5d5ef2d1-c10d-3046-8b17-1948c665bff2
|t 0
|
| 952 |
f |
f |
|p ric
|a Texas A&M University
|b Rellis Campus
|c Joint Library Facility
|d Remote Storage
|t 0
|e BF637.S4 K544 1994
|h Library of Congress classification
|i unmediated -- volume
|m A14818978379
|
| 998 |
f |
f |
|a BF637.S4 K544 1994
|t 0
|l Remote Storage
|